000 00622nam a2200229Ia 4500
003 OSt
005 20221007070823.0
006 a|||||r|||| 00| 0
007 ta
008 221006b |||||||| |||| 00| 0 eng d
024 _a16,703
037 _cTextual
040 _aFLL
_cFLL
_beng
041 _2eng
_aeng
082 _aY1:45:6, K41
100 _aJohnson Elmer Hubert
_9134552
245 0 _aCrime, correction, and society
260 _aIllinois
_bThe Dorsey Press Illinois
_c1964
300 _a792p
_ccm.
942 _hY1:45:6, K41
_cTEXL
_2CC
999 _c1141619
_d1141619